| 000 | 00480nam a22001817a 4500 | ||
|---|---|---|---|
| 003 | CEME | ||
| 005 | 20210628210735.0 | ||
| 008 | 210212b xxu||||| |||| 00| 0 eng d | ||
| 020 | _a0-19-851192-2 | ||
| 040 | _c. | ||
| 082 | _a511.64 APP | ||
| 100 |
_aMitchell, Chris _980793 |
||
| 245 | _aApplications of combinatorial mathematics | ||
| 260 |
_aOXFORD _bCLARENDON PRESS _c1997 |
||
| 300 | _a245P | ||
| 650 |
_aMATHEMATICS COMBINATORIAL MATHEMATICS _980794 |
||
| 942 |
_cBK _2ddc |
||
| 999 |
_c585668 _d585668 |
||